[Event "Titled Tue 30th Jan Late"]
[Site "chess.com INT"]
[Date "2024.01.30"]
[Round "6"]
[White "Livaic, Leon"]
[Black "Sarana, A."]
[Result "1-0"]
[WhiteElo "2561"]
[BlackElo "2697"]
[PlyCount "121"]
[EventDate "2024.01.30"]

1. Nf3 d5 2. g3 g6 3. Bg2 Bg7 4. d4 c6 5. O-O Nf6 6. c3 O-O 7. a4 Nbd7 ({RR} 7... a5 8. Nbd2 Bf5 9. h3 Nbd7 10. g4 Be4 11. Nxe4 Nxe4 12. Bf4 e6 13. e3 Qe7 14. c4 Qb4 15. Qc2 Qxc4 16. Qxc4 dxc4 17. Rfc1 Nb6 18. Bf1 Nd5 19. Be5 b5 20. Bxg7 Kxg7 21. Be2 Rfc8 22. Kf1 {Yu Yangyi (2729)-Gukesh,D (2730) Berlin GER 2023 0-1 (60)}) ({RR} 7... a5 8. Nbd2 Nbd7 9. Re1 c5 10. b3 b6 11. e3 Bb7 12. Bb2 Qc7 13. Rc1 Rfd8 14. Nb1 Rac8 15. Na3 Qb8 16. Qe2 Ne4 17. Nd2 Ndf6 18. Nb5 Bc6 19. c4 dxc4 20. Nxc4 Qb7 21. f3 Nd6 22. Ncxd6 {Kosteniuk,A (2501)-Sarana,A (2697) chess.com INT 2024 0-1 (42)}) 8. a5 c5 ({RR} 8... Re8 9. Bf4 Nh5 10. Be3 e5 11. dxe5 Nxe5 12. Nxe5 Rxe5 13. Nd2 Re8 14. Qb3 Nf6 15. Bd4 Ne4 16. Nxe4 Bxd4 17. cxd4 dxe4 18. Rfd1 Qc7 19. d5 cxd5 20. Qxd5 Be6 21. Qxe4 Bb3 22. Qxb7 Qxb7 23. Bxb7 {Garrido Diaz,J (2291)-Balkum,A (2107) chess.com INT 2024 1-0 (37)}) 9. Qa4 $146 ({RR} 9. Qb3 c4 10. Qc2 b6 11. axb6 Qxb6 12. Ne5 e6 13. Nxc4 Qc7 14. Na5 Nb6 15. Bf4 Qd7 16. Nd2 Ba6 17. Ndb3 Rac8 18. Nc5 Qb5 19. Rfe1 Nbd7 20. Nab3 Rc6 21. e4 Nxc5 22. Nxc5 dxe4 23. Bf1 {1-0 (23) Demircin,K (1983)-Novruzova,N (1708) Kocaeli 2014}) 9... b6 10. axb6 Nxb6 11. Qa5 cxd4 12. cxd4 Ne4 13. Nc3 Nxc3 14. bxc3 Bg4 15. Ba3 Qd7 16. Bc5 Nc4 17. Qa6 Rfb8 18. Rfb1 Bf5 19. Rxb8+ Rxb8 20. Nh4 Bg4 21. e4 Be6 22. exd5 Bxd5 23. Bxd5 Qxd5 24. Qxa7 Re8 25. Qa4 Kf8 26. Qb3 Be5 27. Ra4 Rb8 28. Bb4 Bd6 29. Ng2 Qe6 30. Ne3 Rc8 31. Bxd6 Nxd6 32. Qxe6 fxe6 33. c4 Kf7 34. c5 Ne4 35. Nc4 Kf6 36. Ne5 Nc3 37. Rc4 Nb5 38. c6 h5 39. h4 Kf5 40. Rc5 Nxd4 41. c7 Kf6 42. Nd7+ Kf7 43. Nb6 Nb3 44. Rc3 Rxc7 45. Rxc7 Nd4 46. Nc8 Kf6 47. Nxe7 Nf3+ 48. Kh1 Ne1 49. Ng8+ Ke5 50. Rg7 Nd3 51. Kg1 Kf5 52. Ne7+ Kf6 53. Rxg6+ Kxe7 54. Rg5 Ne1 55. Rxh5 Kf6 56. Rh8 Nf3+ 57. Kg2 Ne5 58. Rf8+ Kg7 59. Ra8 Kf7 60. f4 Kf6 61. fxe5+ 1-0

[Event "Titled Tue 30th Jan Late"]
[Site "chess.com INT"]
[Date "2024.01.30"]
[Round "7"]
[White "Santos Latasa, J."]
[Black "Alekseenko, K."]
[Result "1-0"]
[WhiteElo "2612"]
[BlackElo "2650"]
[PlyCount "97"]
[EventDate "2024.01.30"]

1. Nf3 d5 2. e3 Bg4 3. h3 Bh5 4. c4 dxc4 5. Bxc4 e6 6. d4 a6 7. Nc3 Nc6 8. O-O Nf6 9. Re1 Be7 10. a3 ({RR} 10. g4 Bg6 11. Nh4 Nd5 12. Nxg6 hxg6 13. Qf3 Ncb4 14. Rd1 c6 15. e4 Nb6 16. Bb3 a5 17. a3 a4 18. Nxa4 Nxa4 19. axb4 Nb6 20. Rxa8 Qxa8 21. Be3 Qa6 22. d5 cxd5 23. exd5 Nxd5 24. Bxd5 exd5 {Grischuk,A (2745)-Alekseenko,K (2708) Chess.com INT 2022 1-0 (43)}) ({RR} 10. g4 Bg6 11. e4 O-O 12. Bb3 h6 13. a3 Bh7 14. Bc2 Re8 15. Be3 Bf8 16. Qd2 Nd7 17. Rad1 e5 18. d5 Na5 19. Qe2 b5 20. g5 Nc4 21. gxh6 Nxe3 22. Qxe3 Bc5 23. Qc1 Qf6 24. Rd3 gxh6 {Jaskolka,T (2222)-Suder,J (2312) Krakow POL 2024 0-1 (54)}) ({RR} 10. Bf1 Nd5 11. e4 Bxf3 12. gxf3 Nxc3 13. bxc3 O-O 14. f4 Na5 15. c4 f5 16. e5 b5 17. cxb5 axb5 18. Bxb5 Qd5 19. Bf1 Rad8 20. Bg2 Qxd4 21. Qxd4 Rxd4 22. Be3 Ra4 23. Rec1 c5 24. Rab1 c4 {Lysyj,I (2589)-Alekseenko,K (2650) chess.com INT 2024 0-1 (49)}) 10... O-O 11. g4 Bg6 12. e4 Nd7 $146 ({RR} 12... b5 13. Bb3 b4 14. axb4 Bxb4 15. e5 Nd5 16. Bd2 a5 17. Qe2 Rb8 18. Ba4 Nce7 19. Nh4 Bxc3 20. bxc3 Rb2 21. Qd1 Nb6 22. Nxg6 fxg6 23. Bb3 Ned5 24. Rb1 Rxb1 25. Qxb1 Qh4 26. Re2 Qxh3 27. Qe4 {Rustemov,A (2525)-Alekseenko,K (2687) chess.com INT 2022 0-1 (62)}) 13. Bf4 Bd6 14. e5 Be7 15. d5 exd5 16. Nxd5 Nc5 17. Rc1 Ne6 18. Bg3 Bc5 19. b4 Ba7 20. Nf4 Qe7 21. Nxe6 fxe6 22. Qb3 Rae8 23. Kg2 h6 24. Rcd1 Qf7 25. Rd2 Kh8 26. Qc3 Rd8 27. Rxd8 Rxd8 28. Re2 Ne7 29. Nh4 Bh7 30. f4 Nd5 31. Qf3 g5 32. Nf5 gxf4 33. Bh4 Rd7 34. Bxd5 Bxf5 35. Bf6+ Kh7 36. gxf5 Rxd5 37. Qe4 Rd4 38. fxe6+ Qg6+ 39. Qxg6+ Kxg6 40. e7 Kf7 41. e6+ Ke8 42. Bxd4 Bxd4 43. Kf3 Kxe7 44. Kxf4 c5 45. Kf5 c4 46. Re4 Bb2 47. Rxc4 Bxa3 48. Rc7+ Kd6 49. Rxb7 1-0

[Event "Titled Tue 30th Jan Late"]
[Site "chess.com INT"]
[Date "2024.01.30"]
[Round "8"]
[White "Malakhov, V."]
[Black "Dominguez Perez, L."]
[Result "1-0"]
[WhiteElo "2648"]
[BlackElo "2752"]
[PlyCount "101"]
[EventDate "2024.01.30"]

1. Nf3 Nf6 2. g3 d5 3. Bg2 e6 4. O-O Be7 5. d3 O-O 6. Nbd2 c5 7. e4 Nc6 8. Re1 Qc7 9. e5 Nd7 10. Qe2 b5 11. h4 Bb7 12. Nf1 Rfc8 13. Bf4 b4 14. h5 h6 15. N1h2 Qd8 16. Qd2 a5 17. Kh1 $146 ({RR} 17. Ng4 Bf8 18. Bxh6 gxh6 19. Nxh6+ Bxh6 20. Qxh6 Qf8 21. Qf4 Nd4 22. Ng5 Nxc2 23. h6 Nxa1 24. h7+ Kg7 25. h8=Q+ Kxh8 26. Qh4+ {1-0 (26) Wieczorek,Z (2185)-Geller,J (2521) Chess.com INT 2021}) 17... a4 18. a3 bxa3 19. bxa3 Ra6 20. g4 Ba8 21. Rg1 Rb6 22. Rae1 Rcb8 23. g5 hxg5 24. Nxg5 Ncxe5 25. h6 Ng6 26. h7+ Kf8 27. Bxb8 Qxb8 28. Bf3 Nh8 29. Rg2 Ne5 30. Qf4 Bd6 31. Nxe6+ Ke7 32. Nxg7 Kd7 33. Qf5+ Kc7 34. Rxe5 Rb1+ 35. Rg1 Rxg1+ 36. Kxg1 Qb2 37. Re8 Qxg7+ 38. Ng4 Bb7 39. Qf6 Qxh7 40. Rxh8 Qg6 41. Qxg6 fxg6 42. Rh6 c4 43. dxc4 Bxa3 44. Bxd5 Bc8 45. Rh7+ Kb6 46. Ne3 Bc5 47. Rh8 Ba6 48. Rb8+ Ka5 49. c3 a3 50. Nc2 a2 51. Rb2 1-0

[Event "Titled Tue 30th Jan Late"]
[Site "chess.com INT"]
[Date "2024.01.30"]
[Round "8"]
[White "Livaic, Leon"]
[Black "Bluebaum, M."]
[Result "1-0"]
[WhiteElo "2561"]
[BlackElo "2658"]
[PlyCount "129"]
[EventDate "2024.01.30"]

1. Nf3 d5 2. g3 e6 3. Bg2 Nf6 4. O-O Bd6 5. b3 O-O 6. Bb2 Nc6 7. c4 d4 8. d3 $146 ({RR} 8. Nxd4 Nxd4 9. Bxd4 Bxg3 10. hxg3 Qxd4 11. Nc3 c6 12. Qc2 e5 13. e3 Qd6 14. Rad1 Bg4 15. f3 Bh5 16. g4 Bg6 17. d3 Rad8 18. Ne4 Nxe4 19. dxe4 Qc5 20. Kf2 f6 21. Rxd8 Rxd8 22. Rd1 Qe7 {Bryakin,M (2435)-Baches Garcia,G (2322) chess.com INT 2024 ½-½ (66)}) ({RR} 8. e3 e5 9. exd4 Nxd4 10. Nxd4 exd4 11. d3 c5 12. Nd2 Bg4 13. Qc2 Qd7 14. Rfe1 Rae8 15. b4 Bh3 16. Bh1 b6 17. b5 Qg4 18. Bf3 Qg6 19. Ne4 Nxe4 20. Rxe4 Bf5 21. Rxe8 Rxe8 22. Be2 h5 {Shuvalova,P (2508)-Bluebaum,M (2643) chess.com INT 2025 0-1 (51)}) 8... e5 9. Na3 Re8 10. Nd2 Bf5 11. Nc2 a5 12. a3 Bc5 13. Ne4 Nxe4 14. dxe4 Be6 15. Ne1 Bf8 16. Qc2 h5 17. h4 Bg4 18. Nd3 f6 19. c5 Qd7 20. b4 axb4 21. axb4 Kh7 22. Bf3 Ne7 23. Bxg4 Qxg4 24. Rxa8 Rxa8 25. Ne1 Ng6 26. Kh2 Ra2 27. f3 Qe6 28. Nd3 f5 29. Nc1 Rxb2 30. Qxb2 f4 31. Nd3 Qf6 32. Rh1 Be7 33. Qd2 fxg3+ 34. Kxg3 Nxh4 35. Kf2 g5 36. Ke1 Qe6 37. Kd1 Kg6 38. Kc1 g4 39. f4 Qa6 40. Nxe5+ Kg7 41. Kb2 Bf6 42. Rxh4 Bxh4 43. Qxd4 Qxe2+ 44. Kb3 Qb5 45. Qd5 Qe8 46. Qxb7 Qe6+ 47. Kc2 Qe7 48. Qd5 Bf6 49. Nd3 Qe8 50. e5 Be7 51. f5 g3 52. f6+ Bxf6 53. exf6+ Kxf6 54. Qd4+ Kg5 55. Qf4+ Kg6 56. Qxg3+ Kh7 57. Qe5 Qg6 58. Qxc7+ Kh6 59. Qf4+ Kh7 60. b5 Qe6 61. c6 Qa2+ 62. Nb2 Qd5 63. Qc4 Qg2+ 64. Kb3 h4 65. Qxh4+ 1-0

[Event "Titled Tue 30th Jan Late"]
[Site "chess.com INT"]
[Date "2024.01.30"]
[Round "8"]
[White "Yoo, Christopher Woojin"]
[Black "Akobian, V."]
[Result "1-0"]
[WhiteElo "2595"]
[BlackElo "2571"]
[PlyCount "143"]
[EventDate "2024.01.30"]

1. Nf3 d5 2. g3 c5 3. Bg2 Nc6 4. O-O e5 5. d3 h6 6. Nbd2 Nf6 7. e4 d4 8. Nc4 Qc7 9. a4 Bg4 $146 ({RR} 9... Be6 10. b3 Be7 11. Nh4 g5 12. Nf5 Bxf5 13. exf5 O-O-O 14. a5 Rde8 15. Bd2 h5 16. Qe2 Nd7 17. a6 b6 18. Qe4 Ndb8 19. Rfb1 f6 20. Ra2 Rd8 21. Rba1 Rd7 22. Na3 Kd8 23. Nb5 Qc8 24. Na3 {Holzweissig,H (1642)-Assmus,E (1732) Pinneberg 2004 ½-½}) 10. c3 O-O-O 11. h3 Be6 12. Qe2 g5 13. Bd2 Kb8 14. Rfc1 Bxc4 15. dxc4 Bd6 16. cxd4 exd4 17. e5 Nxe5 18. Nxe5 Bxe5 19. Qd3 Nd7 20. b4 Bd6 21. b5 Ne5 22. Qe4 f5 23. Qxf5 Rde8 24. a5 Rhf8 25. b6 Rxf5 26. bxc7+ Kxc7 27. f4 gxf4 28. Bxf4 Nd3 29. Rcb1 Nb4 30. Bxh6 Bxg3 31. Rf1 Rxf1+ 32. Rxf1 Re1 33. Bf4+ Bxf4 34. Rxe1 d3 35. Rd1 d2 36. Be4 Na2 37. Bc2 Nc3 38. Rf1 Be3+ 39. Kg2 b6 40. a6 b5 41. cxb5 Kb6 42. Rf7 Kxb5 43. Rxa7 Bd4 44. h4 d1=Q 45. Bxd1 Nxd1 46. Kf3 Kb6 47. Ra8 Ne3 48. a7 Nc4 49. Ke4 Kb7 50. Rd8 Kxa7 51. h5 Bb2 52. h6 Kb7 53. Kf5 Kc6 54. Ke6 Nb6 55. Rd6+ Kb5 56. Rd2 Ba1 57. Rd1 Bc3 58. Rc1 Bd4 59. Kf5 c4 60. Ke4 Bf6 61. Rf1 Bc3 62. Rf7 Na4 63. Rb7+ Kc5 64. Rg7 Nb2 65. Rg5+ Kb4 66. Rg8 Nd3 67. Rb8+ Kc5 68. Rc8+ Kb5 69. Kd5 Nb4+ 70. Kd6 Bd4 71. h7 c3 72. Rb8+ 1-0

[Event "Dutch League 2023-24"]
[Site "Netherlands NED"]
[Date "2024.02.03"]
[Round "6.2"]
[White "Ten Hertog, H."]
[Black "Warakomski, T."]
[Result "1-0"]
[WhiteElo "2523"]
[BlackElo "2537"]
[PlyCount "77"]
[EventDate "2023.09.16"]
[WhiteTeam "Paul Keres"]
[BlackTeam "Groninger Combinatie"]

1. Nf3 d5 2. g3 c6 3. Bg2 Bg4 4. h3 Bh5 5. c4 e6 6. d4 Nd7 7. cxd5 exd5 8. Nc3 Bd6 ({RR} 8... Ngf6 9. Ne5 Bd6 10. f4 Bg6 11. O-O Be4 12. Nxe4 Nxe4 13. Bxe4 dxe4 14. Qb3 Bxe5 15. dxe5 Nb6 16. Qb4 Qd5 17. b3 O-O-O 18. Be3 Qe6 19. Kh2 f6 20. Qxe4 fxe5 21. fxe5 Rd5 22. Bd4 Nd7 23. Rf2 {Giri,A (2749)-Maghsoodloo,P (2740) Wijk aan Zee NED 2024 ½-½ (63)}) ({RR} 8... Ngf6 9. Ne5 Nxe5 10. dxe5 Nd7 11. O-O Be7 12. f4 f5 13. Be3 Bc5 14. Bf2 Rc8 15. Na4 Bxf2+ 16. Rxf2 b5 17. Nc3 Nc5 18. Qd4 Qb6 19. Rc1 O-O 20. e3 Ne6 21. Qxb6 axb6 22. Rfc2 Rcd8 23. Kf2 {Keymer,V (2730)-Lodici,L (2556) Baden Baden GER 2025 ½-½ (62)}) 9. e4 $146 ({RR} 9. O-O Ngf6 10. Nd2 Qc7 11. Qb3 O-O 12. e4 dxe4 13. Ndxe4 Nxe4 14. Nxe4 Nb6 15. a4 Bg6 16. Nxd6 Qxd6 17. a5 Nd5 18. a6 b6 19. Bd2 Rfe8 20. Rfe1 Bf5 21. Rac1 Be6 22. Qa4 Rac8 23. Kh2 Qd7 {Daneshvar,B (2591)-Gukesh,D (2720) Samarkand UZB 2023 1-0 (52)}) 9... dxe4 10. Nxe4 Be7 11. Qe2 Ngf6 12. Nd6+ Kf8 13. Nc4 Bb4+ 14. Bd2 Qe7 15. Qxe7+ Bxe7 16. Nfe5 Nxe5 17. dxe5 Nd7 18. f4 Bg6 19. Na5 Nc5 20. O-O Bd3 21. Rfd1 Be2 22. Re1 Ba6 23. b4 Rd8 24. Red1 Na4 25. Be3 Rxd1+ 26. Rxd1 Nc3 27. Rd2 Ke8 28. Nxc6 bxc6 29. Bxc6+ Kf8 30. a4 h5 31. b5 Bc8 32. a5 Rh6 33. Bxa7 Ba6 34. Rb2 Bc8 35. Bd4 Na4 36. a6 Bd8 37. a7 Nb6 38. Bc5+ Kg8 39. Kg2 1-0

[Event "Dutch League 2023-24"]
[Site "Netherlands NED"]
[Date "2024.02.03"]
[Round "6.1"]
[White "Dardha, Daniel"]
[Black "Lodici, Lorenzo"]
[Result "1-0"]
[WhiteElo "2602"]
[BlackElo "2548"]
[PlyCount "133"]
[EventDate "2023.09.16"]
[WhiteTeam "Kennemer Combinatie"]
[BlackTeam "AMEVO Apeldoorn"]

1. Nf3 d5 2. e3 Nf6 3. c4 e6 4. Nc3 Bd6 5. b3 c5 6. Bb2 O-O 7. cxd5 exd5 8. Be2 Nc6 9. d4 Bg4 $146 ({RR} 9... cxd4 10. Nxd4 Nxd4 11. Qxd4 Re8 12. O-O Be5 13. Qd2 d4 14. exd4 Qxd4 15. Qxd4 Bxd4 16. Rae1 Bf5 17. Bc4 a6 18. Rxe8+ Rxe8 19. Rd1 Be5 20. Bf1 b5 21. Rd2 g6 22. Re2 Re6 23. h3 h5 24. Nd1 {Gholami Orimi,M (2504)-Deac,B (2668) chess.com INT 2025 ½-½ (58)}) ({RR} 9... cxd4 10. Nxd4 Nxd4 11. Qxd4 Re8 12. Rd1 Be5 13. Qd2 Be6 14. Bf3 Rc8 15. Ne2 Bxb2 16. Qxb2 Qa5+ 17. Qd2 Qxd2+ 18. Rxd2 Ne4 19. Rb2 Ng5 20. Bh5 Bf5 21. O-O g6 22. Nd4 Bd3 23. Be2 Bxe2 24. Nxe2 {Artemiev,V (2701)-Aronian,L (2745) chess.com INT 2023 ½-½ (70)}) ({RR} 9... cxd4 10. Nxd4 Nxd4 11. Qxd4 Re8 12. Rd1 Be5 13. Qd3 Bg4 14. O-O Bxe2 15. Qxe2 d4 16. Nb5 Qb8 17. Bxd4 Bxh2+ 18. Kh1 Be5 19. Qf3 a6 20. Bxe5 Rxe5 21. Nd6 b5 22. Rc1 Qf8 23. Rfd1 Rd8 24. Nf5 {Dardha,D (2600)-Bluebaum,M (2672) chess.com INT 2023 ½-½ (44)}) 10. O-O Bxf3 11. Bxf3 cxd4 12. exd4 Re8 13. g3 Bf8 14. Qd3 Rc8 15. Rac1 Qd7 16. Kg2 Nb4 17. Qb1 h5 18. h4 g6 19. Rcd1 Bh6 20. a3 Nc6 21. Qd3 Na5 22. Rfe1 Bg7 23. Ne2 Nc6 24. Kg1 Re7 25. Nf4 Rce8 26. Rxe7 Rxe7 27. Bc1 Re8 28. Kg2 Nd8 29. Be3 Ne6 30. Rc1 Bf8 31. b4 Ng7 32. Ne2 Nf5 33. Bf4 Bd6 34. Bxd6 Nxd6 35. Nf4 Nde4 36. Qc2 Qf5 37. Qa4 a6 38. Rc7 b5 39. Qc2 g5 40. hxg5 Qxg5 41. Rc8 Rxc8 42. Qxc8+ Kg7 43. Qc7 Kf8 44. Qd8+ Kg7 45. Qe7 Kg8 46. Qe5 Qxe5 47. dxe5 Nd7 48. Nxd5 Nd2 49. e6 fxe6 50. Nc7 Nxf3 51. Kxf3 Kf7 52. Ke4 Ke7 53. Nxa6 Kd6 54. Nc5 Nb6 55. Kd4 e5+ 56. Ke4 Nd5 57. Nb7+ Ke6 58. Nd8+ Kd6 59. Nf7+ Ke6 60. Nxe5 Nc3+ 61. Kd4 Ne2+ 62. Ke3 Nxg3 63. fxg3 Kxe5 64. Kd3 Kf5 65. Kc3 Kg4 66. a4 bxa4 67. b5 1-0

[Event "7th Marcel Duchamp Cup"]
[Site "Montevideo URU"]
[Date "2024.02.05"]
[Round "5.1"]
[White "Meier, Geo"]
[Black "Krysa, L."]
[Result "1-0"]
[WhiteElo "2616"]
[BlackElo "2541"]
[PlyCount "99"]
[EventDate "2024.02.01"]

1. Nf3 d5 2. g3 Nc6 3. d4 Bf5 4. Bg2 Nb4 5. Na3 e6 6. O-O Be7 7. Ne5 Nf6 8. c3 Nc6 9. Qa4 O-O 10. Nxc6 bxc6 11. Qxc6 Rb8 12. c4 ({RR} 12. Qa4 h5 13. Nc2 h4 14. Nb4 h3 15. Bf3 Ne4 16. Bxe4 Bxe4 17. Nc6 Qd7 18. b3 Bd6 19. Nxb8 Qxa4 20. bxa4 Rxb8 21. f3 Bf5 22. Bf4 Rb2 23. Bxd6 cxd6 24. Rf2 Rb6 25. Rc1 g5 26. g4 Bg6 {Grischuk,A (2745)-Duda,J (2731) chess.com INT 2022 1-0 (58)}) ({RR} 12. Qa4 c5 13. Nc2 Ne4 14. Ne3 Bg6 15. Qd1 Qb6 16. f3 Nf6 17. Rf2 Rfc8 18. Bf1 a5 19. Ng2 cxd4 20. cxd4 Bc2 21. Qd2 Bb4 22. Qf4 a4 23. a3 Bd6 24. Qd2 h6 25. Ne1 Bg6 26. e3 e5 {Meier,G (2629)-Mekhitarian,K (2537) chess.com INT 2023 ½-½ (101)}) 12... Qc8 13. cxd5 $146 ({RR} 13. Qa4 Rb4 14. Qd1 c5 15. b3 cxd4 16. Bb2 Rd8 17. Qxd4 dxc4 18. Qxa7 Rd7 19. Qe3 cxb3 20. axb3 Nd5 21. Bxd5 exd5 22. Qe5 Bf6 23. Qxf5 Bxb2 24. Nc2 Rb8 25. Ra2 g6 26. Qd3 Bc3 27. Rb1 d4 {Motylev,A (2591)-Grieve,H (2472) Asnieres-sur-Seine FRA 2025 1-0 (37)}) 13... exd5 14. Nb1 Re8 15. a3 Bd6 16. Bg5 Ne4 17. Bc1 h5 18. Qxd5 h4 19. Bf3 c6 20. Qc4 Bh3 21. Rd1 hxg3 22. hxg3 Qf5 23. Qd3 Bg4 24. Nc3 Nxc3 25. bxc3 Qxd3 26. Rxd3 Bxf3 27. Rxf3 Rxe2 28. Bf4 Bxf4 29. Rxf4 Rbb2 30. c4 g6 31. Rd1 Rbd2 32. Rb1 Rb2 33. Rxb2 Rxb2 34. Rf6 Rd2 35. Rd6 Kf8 36. c5 Ke7 37. Kf1 a5 38. Ke1 Ra2 39. Rxc6 Rxa3 40. Ke2 Kd7 41. Rf6 a4 42. Rxf7+ Kc6 43. Rf6+ Kb5 44. Rxg6 Rc3 45. Kd2 Rf3 46. Ke2 Rc3 47. Rb6+ Kc4 48. c6 a3 49. c7 Kxd4 50. Ra6 1-0

[Event "Titled Tue 6th Feb Early"]
[Site "chess.com INT"]
[Date "2024.02.06"]
[Round "5"]
[White "Erigaisi, Arjun"]
[Black "Demchenko, A."]
[Result "1-0"]
[WhiteElo "2738"]
[BlackElo "2609"]
[PlyCount "61"]
[EventDate "2024.02.06"]

1. Nf3 Nf6 2. b3 g6 3. Bb2 Bg7 4. g3 O-O 5. Bg2 d6 6. O-O e5 7. c4 a5 8. Nc3 Re8 9. d4 Nbd7 10. Qc2 c6 11. e4 exd4 12. Nxd4 Nc5 13. Rad1 Qb6 14. a3 ({RR} 14. Ba3 Bg4 15. f3 Nfxe4 16. fxg4 Nxc3 17. Qxc3 Ne6 18. Bb2 Nxd4 19. Rxd4 Re2 20. Rfd1 Rae8 21. Bf3 R2e3 22. R1d3 Bxd4 23. Qxd4 Qxd4 24. Rxd4 Rxf3 25. Rxd6 Rfe3 26. Bd4 Re2 27. a4 Rd2 28. Kf1 Rxh2 {Klachkou,P (1950)-Novitzkij,D (2238) Minsk BLR 2024 ½-½ (50)}) 14... Nfd7 ({RR} 14... Bg4 15. Rd2 Rad8 16. h3 Bc8 17. Rfd1 h5 18. f4 h4 19. g4 Bxg4 20. hxg4 Nxg4 21. b4 axb4 22. axb4 Ne6 23. Na4 Qa7 24. c5 Nxf4 25. Qb3 d5 26. exd5 Re3 27. Nc3 Rg3 28. dxc6 Bxd4+ 29. Rxd4 {Le,Q (2709)-Pichot,A (2630) Chess.com INT 2020 0-1 (32)}) 15. Nce2 Nf6 $146 ({RR} 15... Nxb3 16. Nb5 cxb5 17. Bxg7 Kxg7 18. Qxb3 bxc4 19. Qxc4 Ne5 20. Qd4 Ra6 21. Rb1 Qxd4 22. Nxd4 Nc4 23. Rfc1 Rb6 24. Rb5 Bd7 {½-½ (24) Gulko,B (2565)-Kalinitschew,S Moscow 1982}) 16. Nc3 h5 17. Kh1 h4 18. gxh4 Qd8 19. Bf3 Nfd7 20. h5 Qh4 21. Rg1 Ne5 22. hxg6 fxg6 23. Rg3 g5 24. Rdg1 g4 25. Be2 Kf7 26. f4 Rh8 27. R1g2 Ng6 28. Qd2 Bh6 29. Rf2 Qxg3 30. hxg3 Bg7+ 31. Kg2 1-0

[Event "Titled Tue 6th Feb Early"]
[Site "chess.com INT"]
[Date "2024.02.06"]
[Round "6"]
[White "Henriquez Villagra, C."]
[Black "Gavrilescu, David"]
[Result "1-0"]
[WhiteElo "2591"]
[BlackElo "2524"]
[PlyCount "107"]
[EventDate "2024.02.06"]

1. Nf3 d5 2. d3 Nf6 3. c3 e6 4. Nbd2 Be7 5. e4 O-O 6. Be2 c5 7. O-O Nc6 8. Re1 Qc7 9. Bf1 ({RR} 9. a3 a6 10. Bf1 e5 11. exd5 Nxd5 12. Nc4 Bf6 13. a4 Bf5 14. Ng5 Rad8 15. Qf3 Bg6 16. a5 h6 17. Ne4 Be7 18. g3 f5 19. Ned2 Nf6 20. Qd1 Kh7 21. Qc2 Rfe8 22. Nf3 Nd7 23. Nfd2 Nf6 {Bezold,M (2530)-Oral,T (2550) Germany 2005 ½-½}) ({RR} 9. a3 b6 10. b4 Bb7 11. Bb2 Rac8 12. Bf1 Rfd8 13. Qb3 d4 14. cxd4 Nxd4 15. Nxd4 cxd4 16. Rac1 Qd7 17. Nf3 Rxc1 18. Rxc1 Ba6 19. Ne5 Qe8 20. Nc6 Rd7 21. Bxd4 Bb5 22. Nxe7+ Qxe7 23. Bb2 h6 {Gallegos,C (2374)-Ponomarev,D (2417) chess.com INT 2024 1-0 (34)}) 9... dxe4 10. dxe4 e5 11. Nc4 $146 ({RR} 11. a4 Be6 12. Qc2 Rfd8 13. h3 Nd7 14. Bc4 Nf8 15. Bxe6 Nxe6 16. Nc4 b6 17. Be3 Rd7 18. Rad1 Rad8 19. Rxd7 Rxd7 20. Rd1 f6 21. g3 Qd8 22. Rxd7 Qxd7 23. Qd2 Qxd2 24. Bxd2 Kf7 25. Kf1 Ke8 {Blanca Ortega,F-Picasso Gallego,N Malaga 2004 ½-½ (33)}) 11... Rd8 12. Qc2 h6 13. a4 Be6 14. b3 b6 15. Ne3 g6 16. c4 Nd4 17. Nxd4 cxd4 18. Nd5 Bxd5 19. exd5 Nxd5 20. Bxh6 Nc3 21. Bd3 Bf8 22. Bd2 Bg7 23. Bxc3 dxc3 24. Be4 Rac8 25. Rad1 Rxd1 26. Rxd1 Rd8 27. Bd5 e4 28. Qxe4 Kf8 29. g3 Re8 30. Qf3 Qe7 31. Kg2 Qf6 32. Qd3 Qe5 33. Kf1 Qh5 34. h4 Qg4 35. Bc6 c2 36. Qxc2 Re5 37. Rd8+ Ke7 38. Qd3 Qh3+ 39. Bg2 Qe6 40. Kg1 Bf6 41. Rd5 Rxd5 42. Bxd5 Qe5 43. Kg2 Bg7 44. b4 f5 45. a5 bxa5 46. bxa5 Bf8 47. Qa3+ Ke8 48. Qb3 Bd6 49. Qb7 Qd4 50. Qc8+ Ke7 51. Qe6+ Kd8 52. Qxd6+ Kc8 53. Be6+ Kb7 54. Qxd4 1-0

[Event "Titled Tue 6th Feb Early"]
[Site "chess.com INT"]
[Date "2024.02.06"]
[Round "7"]
[White "Erigaisi, Arjun"]
[Black "Makhnev, Denis"]
[Result "1-0"]
[WhiteElo "2738"]
[BlackElo "2516"]
[PlyCount "81"]
[EventDate "2024.02.06"]

1. Nf3 d5 2. c4 d4 3. e3 c5 4. b4 dxe3 5. fxe3 cxb4 6. d4 Nf6 7. Be2 ({RR} 7. Bd3 g6 8. a3 bxa3 9. O-O Bg7 10. Bxa3 O-O 11. Nc3 Nc6 12. h3 b6 13. Qe2 Bb7 14. Rac1 Rc8 15. Rfd1 Na5 16. Bb4 Nc6 17. Ba3 Bh6 18. Rc2 Re8 19. c5 e5 20. d5 Nxd5 21. Nxd5 Qxd5 {Mareco,S (2664)-Nakamura,H (2793) Chess.com INT 2017 1-0}) 7... e6 ({RR} 7... Nc6 8. O-O e5 9. d5 e4 10. dxc6 Qxd1 11. Rxd1 exf3 12. Bxf3 Rb8 13. c7 Ra8 14. Rd8+ Ke7 15. e4 Nd7 16. Bf4 f6 17. Nd2 Kf7 18. e5 Nxe5 19. Bd5+ Kg6 20. Bxe5 fxe5 21. Ne4 a5 22. Rf1 {Diaz Perez,M (2484)-Storn,J (2069) chess.com INT 2024 1-0}) ({RR} 7... Bg4 8. O-O e6 9. Nbd2 Nc6 10. Bb2 Be7 11. h3 Bf5 12. Nh4 Bg6 13. Nxg6 hxg6 14. Bf3 Qc7 15. Ne4 Nxe4 16. Bxe4 Bf6 17. a3 Qg3 18. Rf3 Qg5 19. axb4 O-O 20. b5 Ne7 21. Bxb7 Rab8 22. Be4 {Erigaisi,A (2713)-Jaskolka,T (2222) chess.com INT 2023 1-0 (56)}) 8. O-O b6 $146 ({RR} 8... Be7 9. Nbd2 Nc6 10. Bb2 O-O 11. e4 Ng4 12. Qb3 f5 13. h3 fxe4 14. Nxe4 Nf6 15. Bd3 Bd7 16. Rae1 h6 17. Qd1 Qc7 18. Qe2 Nh5 19. Bb1 Be8 20. d5 exd5 21. cxd5 Nd8 22. Be5 Qb6+ 23. Kh1 {Tarabtsev,I (1938)-Karlson,V (2230) Zhukovsky 2008 1-0}) 9. Bb2 Bb7 10. Nbd2 Be7 11. Qc2 O-O 12. e4 Nbd7 13. e5 Ng4 14. Qb3 a5 15. Rae1 a4 16. Qd3 Nc5 17. dxc5 Bxc5+ 18. Bd4 Nxe5 19. Qe3 Ng4 20. Qf4 e5 21. Qxg4 f5 22. Qg3 Bxd4+ 23. Kh1 Bc3 24. Rd1 Qf6 25. c5 e4 26. Ng5 Be5 27. Ngxe4 fxe4 28. Rxf6 Bxg3 29. Bc4+ Kh8 30. Rxb6 e3 31. hxg3 Bc8 32. Nf3 Bg4 33. Be2 b3 34. axb3 a3 35. Ra1 Rfe8 36. Ra6 Rxa6 37. Bxa6 Bxf3 38. gxf3 e2 39. Bxe2 Rxe2 40. Rxa3 h5 41. b4 1-0

[Event "Titled Tue 6th Feb Early"]
[Site "chess.com INT"]
[Date "2024.02.06"]
[Round "7"]
[White "Nakamura, Hi"]
[Black "Svane, R."]
[Result "1-0"]
[WhiteElo "2788"]
[BlackElo "2632"]
[PlyCount "102"]
[EventDate "2024.02.06"]

1. Nf3 d5 2. e3 Nf6 3. b3 Bf5 4. g3 ({RR} 4. Be2 h6 5. Ba3 Nbd7 6. c4 e6 7. Bxf8 Nxf8 8. O-O N8d7 9. Nc3 O-O 10. d4 a5 11. a3 Qe7 12. Qc1 c6 13. Qb2 Bg4 14. h3 Bxf3 15. Bxf3 Rfd8 16. Rfd1 Nb6 17. Be2 Nc8 18. c5 b5 {So,W (2778)-Giri,A (2777) chess24.com INT 2021 0-1}) ({RR} 4. Be2 e6 5. Nh4 Bg6 6. d3 c5 7. Nd2 Nc6 8. Bb2 Bd6 9. g3 Qe7 10. Bf3 O-O 11. Nxg6 fxg6 12. O-O Be5 13. c3 Bd6 14. c4 Ne5 15. Qe2 Nxf3+ 16. Nxf3 Rae8 17. e4 Bc7 18. exd5 exd5 {Santos Ruiz,M (2601)-Nanjo,R (2346) chess.com INT 2024 1-0 (51)}) ({RR} 4. Ba3 Nbd7 5. d4 e6 6. Bxf8 Nxf8 7. c4 N8d7 8. Nc3 O-O 9. Rc1 h6 10. Bd3 Bxd3 11. Qxd3 c6 12. O-O Qa5 13. Rb1 Qa6 14. Rfc1 Rad8 15. Qf1 Rfe8 16. cxd5 Qxf1+ 17. Kxf1 Nxd5 18. Nxd5 exd5 {Nakamura,H (2768)-Sanal,V (2590) chess.com INT 2023 0-1 (73)}) 4... e6 $146 ({RR} 4... h6 5. Bg2 e6 6. O-O Nbd7 7. Bb2 Be7 8. d3 O-O 9. Qe2 c6 10. Nbd2 a5 11. a3 Bh7 12. e4 b5 13. Rfe1 Qb6 14. Ne5 Nxe5 15. Bxe5 dxe4 16. Nxe4 Bxe4 17. Bxe4 Rfd8 18. Bg2 Rac8 19. a4 {Nakamura,H (2768)-Vasquez Schroder,R (2518) Chess.com INT 2022 ½-½ (64)}) 5. Nh4 Be4 6. f3 Bg6 7. Bb2 Bd6 8. d3 e5 9. Nd2 Qe7 10. a3 a5 11. Qe2 c6 12. e4 Nbd7 13. Bh3 O-O 14. Nxg6 hxg6 15. O-O Nc5 16. Rfe1 Rfe8 17. Kh1 Rad8 18. Nf1 Ne6 19. Ne3 Nd4 20. Qf1 Bc5 21. b4 Bb6 22. c3 Nb3 23. Rad1 axb4 24. axb4 d4 25. Nc2 dxc3 26. Bxc3 Nd4 27. Bxd4 Bxd4 28. Rb1 Bb6 29. Rb3 Ra8 30. Ra1 Qd6 31. Qb1 Bd4 32. Raa3 b5 33. Qa2 Rxa3 34. Rxa3 Rd8 35. Bf1 g5 36. Be2 g6 37. Ra6 Kg7 38. Kg2 Qc7 39. Nxd4 Rxd4 40. Ra7 Qxa7 41. Qxa7 Rxb4 42. Qe7 Rb2 43. Kf2 b4 44. Qxe5 Ra2 45. Ke3 b3 46. Bd1 b2 47. Bc2 c5 48. Bb1 Ra7 49. Qxb2 g4 50. fxg4 Ra6 51. g5 Rb6 1-0